|
|
|
|
| LEADER |
00000nam0a2200000 4500 |
| 001 |
211747 |
| 005 |
20231031192712.0 |
| 010 |
|
|
|a 9785459003024
|b (в пер.)
|b 3000 экз.
|
| 021 |
|
|
|a RU
|b 09-27151
|9 09-1620
|
| 035 |
|
|
|a (RuTPU)RU\TPU\book\231323
|
| 035 |
|
|
|a RU\TPU\book\171178
|
| 035 |
|
|
|a RU\TPU\book\219001
|
| 090 |
|
|
|a 211747
|
| 100 |
|
|
|a 20110915d2012 m y0rusy5002 ca
|
| 101 |
0 |
|
|a rus
|
| 102 |
|
|
|a RU
|
| 105 |
|
|
|a a j 000zy
|
| 200 |
1 |
|
|a Экономическая теория
|e учебник
|f Г. С. Вечканов
|
| 205 |
|
|
|a 3-е изд.
|
| 210 |
|
|
|a СПб.
|c Питер
|d 2012
|
| 215 |
|
|
|a 512 с.
|c ил.
|
| 225 |
1 |
|
|a Учебник для вузов
|
| 225 |
1 |
|
|a Стандарт третьего поколения
|
| 330 |
|
|
|a В учебнике рассматриваются общие основы экономической теории, микроэкономика, мезоэкономика, макроэкономика, переходная экономика и мировое хозяйство. В работе широко использован эконометрическии метод, позволяющий органически соединить теорию и практику. Впервые в отечественном учебнике рассказывается о вкладе нобелевских лауреатов в развитие экономической теории. Отличительной особенностью книги является глава, подробно рассматривающая самые актуальные проблемы макроэкономики в России: повышение эффективности производства, индикативное планирование, развитие стабфонда и многое другое. Учебник отвечает требованиям Государственного стандарта высшего профессионального образования РФ. Предназначен для студентов вузов экономических специальностей. Допущено УМО по образованию в области производственного менеджмента в качестве учебника для студентов высших учебных заведений, обучающихся по специальности 080502 «Экономика и управление на предприятии (по отраслям)».
|
| 606 |
1 |
|
|a Экономическая теория
|x Учебники и пособия
|2 stltpush
|
| 610 |
1 |
|
|a экономические законы
|
| 610 |
1 |
|
|a экономические категории
|
| 610 |
1 |
|
|a экономическая система
|
| 610 |
1 |
|
|a смешанная экономика
|
| 610 |
1 |
|
|a натуральное хозяйство
|
| 610 |
1 |
|
|a товарное хозяйство
|
| 610 |
1 |
|
|a капитал
|
| 610 |
1 |
|
|a кругооборот
|
| 610 |
1 |
|
|a оборотный капитал
|
| 610 |
1 |
|
|a микроэкономика
|
| 610 |
1 |
|
|a спрос
|
| 610 |
1 |
|
|a предложение
|
| 610 |
1 |
|
|a потребительское поведение
|
| 610 |
1 |
|
|a эластичность
|
| 610 |
1 |
|
|a производство
|
| 610 |
1 |
|
|a прибыль
|
| 610 |
1 |
|
|a издержки
|
| 610 |
1 |
|
|a конкуренция
|
| 610 |
1 |
|
|a неконкурентные рынки
|
| 610 |
1 |
|
|a инвестиции
|
| 610 |
1 |
|
|a экономическое равновесие
|
| 610 |
1 |
|
|a общественное благосостояние
|
| 610 |
1 |
|
|a асимметричная информация
|
| 610 |
1 |
|
|a общественные блага
|
| 610 |
1 |
|
|a внешние эффекты
|
| 610 |
1 |
|
|a мезоэкономика
|
| 610 |
1 |
|
|a агропромышленный комплекс
|
| 610 |
1 |
|
|a земельная рента
|
| 610 |
1 |
|
|a региональная экономика
|
| 610 |
1 |
|
|a региональная политика
|
| 610 |
1 |
|
|a макроэкономика
|
| 610 |
1 |
|
|a рынок товаров
|
| 610 |
1 |
|
|a рынок услуг
|
| 610 |
1 |
|
|a рынок денег
|
| 610 |
1 |
|
|a рынок труда
|
| 610 |
1 |
|
|a общее экономическое равновесие
|
| 610 |
1 |
|
|a инфляция
|
| 610 |
1 |
|
|a безработица
|
| 610 |
1 |
|
|a экономические циклы
|
| 610 |
1 |
|
|a экономический рост
|
| 610 |
1 |
|
|a государственное регулирование
|
| 610 |
1 |
|
|a социальная политика
|
| 610 |
1 |
|
|a макроэкономическое равновесие
|
| 610 |
1 |
|
|a открытая экономика
|
| 610 |
1 |
|
|a торговая политика
|
| 610 |
1 |
|
|a платежный баланс
|
| 610 |
1 |
|
|a валютный рынок
|
| 610 |
1 |
|
|a переходная экономика
|
| 610 |
1 |
|
|a мировое хозяйство
|
| 610 |
1 |
|
|a учебники
|
| 686 |
|
|
|a У011я73
|v LBC/SL-A
|2 rubbk
|
| 700 |
|
1 |
|a Вечканов
|b Г. С.
|g Григорий Сергеевич
|4 070
|
| 801 |
|
1 |
|a RU
|b 63413507
|c 20120319
|
| 801 |
|
2 |
|a RU
|b 63413507
|c 20150429
|g RCR
|
| 900 |
|
|
|a Экономическая теория
|
| 942 |
|
|
|c BK
|
| 951 |
|
|
|b 080100
|
| 959 |
|
|
|a 29/20120215
|d 20
|e 310,00
|f ЧЗГЛ:1
|f АНЛ:1
|f УФ:18
|